Inside Baluchistan : (Record no. 330850)
[ view plain ]
| 000 -LEADER | |
|---|---|
| fixed length control field | 01256cam a2200313 a 4500 |
| 001 - CONTROL NUMBER | |
| control field | 15879659 |
| 003 - CONTROL NUMBER IDENTIFIER | |
| control field | NUST |
| 005 - DATE AND TIME OF LATEST TRANSACTION | |
| control field | 20170817104903.0 |
| 008 - FIXED-LENGTH DATA ELEMENTS--GENERAL INFORMATION | |
| fixed length control field | 090825r20091975pk a b 001 0aeng |
| 010 ## - LIBRARY OF CONGRESS CONTROL NUMBER | |
| LC control number | 2009361187 |
| 025 ## - OVERSEAS ACQUISITION NUMBER | |
| Overseas acquisition number | P-E-2009361187; 20 |
| 040 ## - CATALOGING SOURCE | |
| Original cataloging agency | DLC |
| Transcribing agency | DLC |
| Modifying agency | DLC |
| 042 ## - AUTHENTICATION CODE | |
| Authentication code | lcode |
| -- | pcc |
| 043 ## - GEOGRAPHIC AREA CODE | |
| Geographic area code | a-pk--- |
| 050 00 - LIBRARY OF CONGRESS CALL NUMBER | |
| Classification number | DS392.K34 |
| Item number | A37 2009 |
| 082 ## - DEWEY DECIMAL CLASSIFICATION NUMBER | |
| Classification number | 923.2 |
| Author Mark | KHA |
| 100 0# - MAIN ENTRY--PERSONAL NAME | |
| Personal name | Ahmad Yar Khan, |
| Dates associated with a name | 1904-1979. |
| 9 (RLIN) | 3934 |
| 245 10 - TITLE STATEMENT | |
| Title | Inside Baluchistan : |
| Remainder of title | a political autobiography of His Highness Baiglar Baigi, Khan-e-Azam-XIII Mir Ahmad Yar Khan Baluch, Khan-e-Baluch, ex-ruler of Kalat State. |
| 250 ## - EDITION STATEMENT | |
| Edition statement | 1 ed. |
| 260 ## - PUBLICATION, DISTRIBUTION, ETC. | |
| Place of publication, distribution, etc. | Karachi : |
| Name of publisher, distributor, etc. | Royal Book Co., |
| Date of publication, distribution, etc. | 2009. |
| 300 ## - PHYSICAL DESCRIPTION | |
| Extent | xx, 352 p. : |
| Other physical details | ill. ; |
| Dimensions | 24 cm. |
| 500 ## - GENERAL NOTE | |
| General note | Originally published: 1975. |
| 504 ## - BIBLIOGRAPHY, ETC. NOTE | |
| Bibliography, etc. note | Includes bibliographical references (p. [329]-337) and index. |
| 600 00 - SUBJECT ADDED ENTRY--PERSONAL NAME | |
| Personal name | Ahmad Yar Khan, |
| Dates associated with a name | 1904-1979. |
| 9 (RLIN) | 3934 |
| 650 #0 - SUBJECT ADDED ENTRY--TOPICAL TERM | |
| Topical term or geographic name entry element | Statesmen |
| Geographic subdivision | Pakistan |
| -- | Kalat (Princely State) |
| Form subdivision | Biography. |
| 9 (RLIN) | 3935 |
| 651 #0 - SUBJECT ADDED ENTRY--GEOGRAPHIC NAME | |
| Geographic name | Kalat (Princely State) |
| General subdivision | Politics and government. |
| 9 (RLIN) | 3936 |
| 651 #0 - SUBJECT ADDED ENTRY--GEOGRAPHIC NAME | |
| Geographic name | Balochistān (Pakistan) |
| General subdivision | Politics and government. |
| 9 (RLIN) | 3937 |
| 906 ## - LOCAL DATA ELEMENT F, LDF (RLIN) | |
| a | 7 |
| b | cbc |
| c | origcop |
| d | 3 |
| e | ncip |
| f | 20 |
| g | y-gencatlg |
| 942 ## - ADDED ENTRY ELEMENTS (KOHA) | |
| Source of classification or shelving scheme | |
| Koha item type | Book |
| Withdrawn status | Lost status | Source of classification or shelving scheme | Damaged status | Not for loan | Permanent Location | Current Location | Shelving location | Date acquired | Total Checkouts | Full call number | Barcode | Date last seen | Date last checked out | Copy number | Price effective from | Koha item type |
|---|---|---|---|---|---|---|---|---|---|---|---|---|---|---|---|---|
| Central Library (CL) | Central Library (CL) | Book Cart | 08/17/2017 | 2 | 920.054915 KHA | CL1971 | 05/16/2024 | 01/05/2021 | 1 | 08/17/2017 | Book |
